000
00204nam a22000857a 4500
001
1244019
005
20251110125626.0
245
_a
ÇİKOLATA ÜLKESİ
_c
HURİHAN YILDIRIM KURTARAN
260
_b
ALTIN KİTAPLAR
999
_c
1244019
_d
1244019